Movie Title Typos Quiz Stats

Quiz Updated Jul 9, 2016

Also try: Altered Movies
Challenge
Share
Tweet
Embed
Score 0/30 Timer 10:00
0 Plays Today
% Correct
Finding Memo
94.8%
The Curious Case of Benjamin Mutton
94%
The Park Knight
93.9%
Ball-E
93.5%
The Golf of Wall Street
93%
The Silence of the Jambs
92.7%
The Lion Ring
92.5%
Patch Me If You Can
91.7%
The Green Pile
91.2%
Maxi Driver
91.1%
Raving Private Ryan
91.1%
Jan's Labyrinth
90.8%
Paws
90.4%
Pie Hard
90.3%
Pretty in Mink
90.2%
% Correct
Planet of the Aces
89.8%
The Nopebook
88.4%
Dirty Lancing
87.5%
The Dirty Dozer
87.5%
Fangs of New York
87.4%
Might Club
87.3%
Good Will Bunting
87.3%
Glade Runner
87.1%
No Country For Old Yen
87.1%
The Beer Hunter
86.9%
Joint Break
86.8%
There Will Be Bloom
86.3%
Sad Max
85.1%
The 40-Year-Old Virgil
84.6%
True Brit
76.1%

You're not logged in!

Compare scores with friends on all Sporcle quizzes.
Sign Up with Email
OR
Log In

You Might Also Like...

Show Comments

Extras

Top Quizzes Today


Score Distribution

Your Account Isn't Verified!

In order to create a playlist on Sporcle, you need to verify the email address you used during registration. Go to your Sporcle Settings to finish the process.